[Event "WYCC 2018 O14"]
[Site "Halkidiki"]
[Date "2018.10.30"]
[Round "11"]
[White "Gombocz, Ferenc Jr."]
[Black "Wang, Alex"]
[Result "1-0"]
[WhiteElo "2271"]
[BlackElo "2076"]
[Annotator "NA"]
[PlyCount "59"]
[EventDate "2018.10.20"]
[EventType "swiss"]
[EventCountry "GRE"]
[SourceTitle "playchess.com"]
[Source "ChessBase"]
[SourceQuality "1"]
[TimeControl "40/5400+30:1800+30"]

1. c4 {[%emt 0:00:00]} Nf6 {[%emt 0:00:00]} 2. g3 {[%emt 0:00:00]} g6 {[%emt 0:00:00]} 3. Bg2 {[%emt 0:00:00]} Bg7 {[%emt 0:00:00]} 4. Nc3 {[%emt 0:00:00]} O-O {[%emt 0:00:00]} 5. e4 {[%emt 0:00:00]} d6 {[%emt 0:00:03]} 6. Nge2 {[%emt 0:00:05]} c5 {[%emt 0:00:32]} 7. O-O {[%emt 0:00:13]} Nc6 {[%emt 0:00:07]} 8. d3 {[%emt 0:00:07]} a6 {[%emt 0:00:15]} 9. h3 {[%emt 0:00:06]} Rb8 {[%emt 0:00:05]} 10. a4 {[%emt 0:00:07]} Ne8 {[%emt 0:00:35]} 11. Be3 {[%emt 0:00:12]} Nc7 {[%emt 0:00:04]} 12. d4 {[%emt 0:00:11]} cxd4 {[%emt 0:00:17]} 13. Nxd4 {[%emt 0:00:09]} Ne6 {[%emt 0:00:04]} 14. Nde2 {[%emt 0:00:24] A36: Symmetrical English vs ...g6: 4 Bg2 Bg7} Nc5 {[%emt 0:00:29]} 15. Rb1 {[%emt 0:00:32]} Nb4 {[%emt 0:00:42]} (15... b6 16. b3 a5 17. Qd2 Bd7 18. Bh6 Bxh6 19. Qxh6 f6 20. Qe3 g5 21. Nd5 Kh8 {½-½ (35) Hall,R (2640)-Robson,N (2602) ICCF email 2014}) 16. b3 {[%emt 0:00:36]} f5 {[%emt 0:01:50]} 17. Nd5 {[%emt 0:02:19]} a5 {[%emt 0:01:37]} 18. Nxb4 {[%emt 0:12:46]} axb4 {[%emt 0:00:05]} 19. Nf4 $146 {[%emt 0:09:38]} ({Predecessor:} 19. Qd2 fxe4 20. Qxb4 b6 21. Qd2 Bb7 {½-½ (38) De Smet,K (2188)-Caballero Perez,A (2360) ICCF email 2012}) 19... Nxe4 {[%emt 0:23:22]} 20. Bxe4 {[%emt 0:01:15]} fxe4 {[%emt 0:00:05]} 21. Qd5+ {[%emt 0:00:08]} Kh8 {[%emt 0:00:44]} 22. Rfd1 {[%emt 0:10:08]} Qd7 {[%emt 0:14:32]} 23. g4 {[%emt 0:19:00]} b5 {[%emt 0:23:23]} 24. cxb5 {[%emt 0:03:43]} Be5 {[%emt 0:00:06]} 25. Ng2 {[%emt 0:01:31]} Bb7 $2 {[%emt 0:02:10]} (25... Rf3 $14) 26. Qxe5+ {[%emt 0:00:27]} Kg8 {[%emt 0:01:57]} 27. Qg5 {[%emt 0:02:23]} Rf3 {[%emt 0:01:05]} 28. Nh4 {[%emt 0:01:26]} Rf7 {[%emt 0:00:54]} 29. Nf5 $18 {[%emt 0:03:06]} Kf8 {[%emt 0:00:56]} 30. Ng3 {[%emt 0:00:33]} 1-0

[Event "WYCC 2018 O14"]
[Site "Halkidiki"]
[Date "2018.10.30"]
[Round "11"]
[White "Czopor, Maciej"]
[Black "Stolyarsky, Yegor"]
[Result "1-0"]
[WhiteElo "2219"]
[BlackElo "2006"]
[Annotator "NA"]
[PlyCount "85"]
[EventDate "2018.10.20"]
[EventType "swiss"]
[EventCountry "GRE"]
[SourceTitle "playchess.com"]
[Source "ChessBase"]
[SourceQuality "1"]
[TimeControl "40/5400+30:1800+30"]

1. e4 {[%emt 0:00:00]} e5 {[%emt 0:02:15]} 2. Nf3 {[%emt 0:00:00]} Nc6 {[%emt 0:00:25]} 3. Bb5 {[%emt 0:00:00]} a6 {[%emt 0:00:18]} 4. Ba4 {[%emt 0:00:13]} Nf6 {[%emt 0:00:25]} 5. d3 {[%emt 0:00:15]} b5 {[%emt 0:01:24]} 6. Bb3 {[%emt 0:02:24]} Bc5 {[%emt 0:00:26]} 7. Nc3 {[%emt 0:00:13]} d6 {[%emt 0:01:49] C77: Ruy Lopez: 3...a6 4 Ba4 Nf6, unusual lines} 8. Nd5 {[%emt 0:00:21]} h6 {[%emt 0:08:33]} 9. c3 {[%emt 0:00:33]} (9. O-O O-O 10. Be3 Bxe3 11. fxe3 Na5 12. Nxf6+ Qxf6 13. Bd5 c6 14. Nd4 Qg5 15. Nxc6 Nxc6 16. Bxc6 Qxe3+ {½-½ (32) Anand,V (2760)-Mamedyarov,S (2808) Stavanger 2018}) 9... Be6 {[%emt 0:03:26]} 10. O-O {[%emt 0:19:53]} Ba7 {[%emt 0:02:48]} 11. a4 $146 {[%emt 0:10:01]} ({Predecessor:} 11. Be3 Bxd5 12. exd5 Ne7 13. Bxa7 Rxa7 14. d4 e4 15. Nd2 {½-½ (30) Jablonicky,M (2302)-Motuz,K (2425) Slovakia 2017}) 11... Bxd5 {[%emt 0:06:12]} 12. Bxd5 {[%emt 0:02:54]} Nxd5 {[%emt 0:02:14]} 13. exd5 {[%emt 0:00:19]} Ne7 {[%emt 0:00:43]} 14. Qb3 {[%emt 0:03:35]} O-O {[%emt 0:01:08]} 15. axb5 {[%emt 0:03:47]} axb5 {[%emt 0:00:07]} 16. Kh1 {[%emt 0:00:52]} Bc5 {[%emt 0:07:13]} 17. Be3 {[%emt 0:05:57]} Bxe3 {[%emt 0:02:21]} 18. fxe3 {[%emt 0:00:12]} Qd7 {[%emt 0:06:49]} 19. e4 {[%emt 0:10:14]} Kh8 {[%emt 0:14:18]} 20. d4 {[%emt 0:05:44]} f6 {[%emt 0:05:31]} 21. h3 {[%emt 0:01:15]} Ng6 {[%emt 0:01:19]} 22. Kh2 {[%emt 0:02:16]} Rfe8 {[%emt 0:04:38]} 23. dxe5 {[%emt 0:05:14]} fxe5 {[%emt 0:01:32]} 24. Ra3 {[%emt 0:03:56]} Rxa3 {[%emt 0:06:08]} 25. Qxa3 {[%emt 0:00:51]} Qf7 {[%emt 0:05:05]} 26. Nd2 {[%emt 0:02:40]} Nf4 {[%emt 0:02:37]} 27. Qa7 {[%emt 0:02:08]} Qh5 {[%emt 0:04:32]} 28. Rf3 {[%emt 0:02:35] [#]} Nxg2 $1 {[%emt 0:04:34]} 29. Qxc7 {[%emt 0:00:56]} Nh4 {[%emt 0:01:18]} 30. Rf2 {[%emt 0:01:54]} Qg5 {[%emt 0:02:44]} 31. Qc6 {[%emt 0:02:12]} Rb8 {[%emt 0:01:54]} 32. Qxd6 {[%emt 0:00:26]} Ra8 {[%emt 0:00:12]} 33. Nf1 {[%emt 0:00:24]} Ra1 {[%emt 0:00:52]} 34. Qb8+ {[%emt 0:00:37]} Kh7 {[%emt 0:00:06]} 35. Qxb5 {[%emt 0:00:09]} Ng6 {[%emt 0:00:53]} 36. Qd3 {[%emt 0:05:05]} Nf4 {[%emt 0:00:32]} 37. Qg3 {[%emt 0:00:18]} Qh5 {[%emt 0:00:25]} 38. Qg4 {[%emt 0:02:21]} Qe8 {[%emt 0:00:35]} 39. d6 {[%emt 0:00:46]} Qb5 {[%emt 0:00:19]} 40. d7 {[%emt 0:00:00]} Qb6 {[%emt 0:00:00]} 41. Rd2 {[%emt 0:06:33]} ({Weaker is} 41. Rxf4 exf4 42. Nd2 Rc1 $11) 41... Qd8 $18 {[%emt 0:07:08]} 42. Qf5+ {[%emt 0:02:31]} Ng6 {[%emt 0:01:17]} 43. Rd6 {[%emt 0:06:19]} 1-0

[Event "WYCC 2018 O14"]
[Site "Halkidiki"]
[Date "2018.10.30"]
[Round "11"]
[White "Munshi, Aditya"]
[Black "Muntean, Victor"]
[Result "1-0"]
[WhiteElo "2133"]
[BlackElo "1876"]
[Annotator "NA"]
[PlyCount "49"]
[EventDate "2018.10.20"]
[EventType "swiss"]
[EventCountry "GRE"]
[SourceTitle "playchess.com"]
[Source "ChessBase"]
[SourceQuality "1"]
[TimeControl "40/5400+30:1800+30"]

1. e4 {[%emt 0:00:00]} e5 {[%emt 0:00:00]} 2. Nf3 {[%emt 0:00:00]} Nc6 {[%emt 0:00:00]} 3. Bc4 {[%emt 0:00:00]} Nf6 {[%emt 0:00:00]} 4. d3 {[%emt 0:00:03]} Be7 {[%emt 0:00:00]} 5. O-O {[%emt 0:00:15]} O-O {[%emt 0:00:04]} 6. Re1 {[%emt 0:00:02]} d6 {[%emt 0:00:08]} 7. a4 {[%emt 0:00:05]} Na5 {[%emt 0:00:46]} 8. Ba2 {[%emt 0:00:00]} c5 {[%emt 0:00:11]} 9. c3 {[%emt 0:00:08]} Nc6 {[%emt 0:00:41]} 10. Na3 {[%emt 0:00:02]} h6 {[%emt 0:00:25]} 11. Bd2 {[%emt 0:01:44]} a6 {[%emt 0:00:25]} 12. h3 {[%emt 0:00:42]} Re8 {[%emt 0:02:54]} 13. Nc4 {[%emt 0:03:51]} Be6 {[%emt 0:00:51]} 14. Ne3 {[%emt 0:17:19]} Bxa2 {[%emt 0:05:35]} 15. Rxa2 {[%emt 0:00:00]} d5 {[%emt 0:02:21]} 16. Nf5 {[%emt 0:16:15]} dxe4 {[%emt 0:14:51]} 17. dxe4 {[%emt 0:00:46]} c4 {[%emt 0:02:54]} 18. Qe2 {[%emt 0:08:26]} b5 $16 {[%emt 0:00:37]} (18... Qd3 $11 {remains equal.}) 19. axb5 {[%emt 0:02:08]} axb5 {[%emt 0:00:05]} 20. Rxa8 {[%emt 0:00:06]} Qxa8 {[%emt 0:00:06]} 21. N3h4 {[%emt 0:00:54]} Kh7 {[%emt 0:05:20]} 22. Qf3 {[%emt 0:00:37]} Rg8 {[%emt 0:09:35]} 23. Bxh6 {[%emt 0:03:36]} Qe8 {[%emt 0:09:51]} 24. Bg5 {[%emt 0:02:52]} g6 {[%emt 0:03:29]} 25. Nxe7 {[%emt 0:00:15]} 1-0

[Event "WYCC 2018 O14"]
[Site "Halkidiki"]
[Date "2018.10.30"]
[Round "11"]
[White "Rasti, Arvin"]
[Black "Kouvidis, Ioannis"]
[Result "0-1"]
[WhiteElo "2064"]
[BlackElo "1896"]
[Annotator "NA"]
[PlyCount "86"]
[EventDate "2018.10.20"]
[EventType "swiss"]
[EventCountry "GRE"]
[SourceTitle "playchess.com"]
[Source "ChessBase"]
[SourceQuality "1"]
[TimeControl "40/5400+30:1800+30"]

1. d4 {[%emt 0:00:00]} Nf6 {[%emt 0:00:00]} 2. Bf4 {[%emt 0:00:00]} g6 {[%emt 0:00:00]} 3. Nf3 {[%emt 0:00:00]} Bg7 {[%emt 0:00:00]} 4. e3 {[%emt 0:00:05]} O-O {[%emt 0:00:09]} 5. Be2 {[%emt 0:00:09]} d6 {[%emt 0:01:16]} 6. h3 {[%emt 0:00:23]} Nbd7 {[%emt 0:00:26]} 7. c4 {[%emt 0:00:11]} c5 {[%emt 0:02:38]} 8. Nc3 {[%emt 0:00:15]} a6 {[%emt 0:02:41]} 9. O-O {[%emt 0:01:26] E61: Königsindisch (Abweichungen der Hauptvariante)} cxd4 {[%emt 0:05:19]} 10. exd4 {[%emt 0:00:28]} d5 {[%emt 0:00:15]} 11. c5 {[%emt 0:07:02]} Nb8 {[%emt 0:04:09]} 12. b4 $146 {[%emt 0:03:59]} ({Vorgänger:} 12. Na4 Nfd7 13. Rc1 Nc6 14. Qd2 Re8 15. Rfe1 f6 16. Red1 Kh8 {½-½ (50) Lobo,R (2310)-Hummel,P (2330) San Francisco 1999}) 12... Nc6 {[%emt 0:03:48]} 13. Rb1 {[%emt 0:02:37]} Bf5 {[%emt 0:00:42]} 14. Bd3 {[%emt 0:00:22]} Ne4 {[%emt 0:01:01]} 15. Qc2 {[%emt 0:07:17]} Nxc3 {[%emt 0:05:01]} 16. Qxc3 {[%emt 0:00:16]} Qd7 {[%emt 0:00:42]} 17. a3 {[%emt 0:02:28]} Be4 {[%emt 0:02:22]} 18. Ne5 {[%emt 0:04:12]} Qf5 {[%emt 0:03:40]} 19. Bxe4 {[%emt 0:08:39]} Qxf4 {[%emt 0:01:58]} 20. Nxc6 {[%emt 0:12:02]} bxc6 {[%emt 0:00:06]} 21. Bd3 {[%emt 0:00:19]} Bxd4 {[%emt 0:02:13]} 22. Qc2 {[%emt 0:00:20]} Qc7 {[%emt 0:03:05]} 23. Rfd1 {[%emt 0:01:01]} Bg7 {[%emt 0:00:19]} 24. Qa4 {[%emt 0:00:23]} Qb7 {[%emt 0:01:09]} 25. Qa5 {[%emt 0:00:14]} e5 {[%emt 0:00:34]} 26. Rdc1 {[%emt 0:00:37]} e4 {[%emt 0:00:39]} 27. Be2 {[%emt 0:00:11]} Rfb8 {[%emt 0:01:35]} 28. a4 {[%emt 0:00:17]} Be5 {[%emt 0:01:11]} 29. Qb6 {[%emt 0:00:18]} Qd7 {[%emt 0:00:23]} 30. Qxa6 {[%emt 0:01:34]} Rxa6 {[%emt 0:00:16]} 31. Bxa6 {[%emt 0:00:03]} Qa7 {[%emt 0:01:38]} 32. b5 {[%emt 0:00:58]} Rd8 {[%emt 0:02:25]} 33. a5 {[%emt 0:01:09]} cxb5 {[%emt 0:00:44]} 34. Bxb5 {[%emt 0:00:06]} Qxa5 {[%emt 0:00:15]} 35. c6 {[%emt 0:00:02]} Bd6 {[%emt 0:06:40]} 36. Rd1 $19 {[%emt 0:00:20]} d4 {[%emt 0:00:27]} 37. Bc4 {[%emt 0:00:35]} Bc7 {[%emt 0:02:01]} 38. Rb7 {[%emt 0:00:53]} Qe5 {[%emt 0:00:17]} 39. g3 {[%emt 0:00:50]} d3 {[%emt 0:02:26]} 40. Rb5 {[%emt 0:00:00]} Qf6 {[%emt 0:00:00]} 41. Bd5 {[%emt 0:00:50]} Rxd5 {[%emt 0:01:30]} 42. Rxd5 {[%emt 0:00:05]} Qxc6 {[%emt 0:00:01]} 43. Rd4 {[%emt 0:00:16]} Bb6 {[%emt 0:00:26]} 0-1

[Event "WYCC 2018 O14"]
[Site "Halkidiki"]
[Date "2018.10.30"]
[Round "11"]
[White "Antonica, Dragos-Andrei"]
[Black "Avila Pavas, Santiago"]
[Result "1/2-1/2"]
[WhiteElo "2061"]
[BlackElo "2277"]
[Annotator "NA"]
[PlyCount "48"]
[EventDate "2018.10.20"]
[EventType "swiss"]
[EventCountry "GRE"]
[SourceTitle "playchess.com"]
[Source "ChessBase"]
[SourceQuality "1"]
[TimeControl "40/5400+30:1800+30"]

1. Nf3 {[%emt 0:00:00]} g6 {[%emt 0:00:00]} 2. g3 {[%emt 0:00:00]} Bg7 {[%emt 0:00:01]} 3. Bg2 {[%emt 0:00:00]} Nf6 {[%emt 0:01:15]} 4. O-O {[%emt 0:00:02]} O-O {[%emt 0:00:06]} 5. d4 {[%emt 0:00:02]} d6 {[%emt 0:00:07]} 6. c4 {[%emt 0:00:07]} Nc6 {[%emt 0:00:04]} 7. Nc3 {[%emt 0:04:09]} a6 {[%emt 0:02:05]} 8. b3 {[%emt 0:03:59]} Rb8 {[%emt 0:04:38]} 9. a4 {[%emt 0:25:43]} Bg4 {[%emt 0:30:51] E63: King's Indian: Fianchetto: Panno Variation with 7...a6} 10. Bb2 Nd7 11. d5 {[%emt 0:08:22]} Bxf3 {[%emt 0:01:20]} 12. exf3 $146 {[%emt 0:00:27]} ({Predecessor:} 12. Bxf3 Na5 13. Qc2 c6 14. Rab1 Ne5 15. Bg2 b5 16. axb5 cxb5 17. cxb5 axb5 18. Rfc1 Qb6 {½-½ (18) Huzman,A (2475)-Hebden,M (2475) Vrnjacka Banja 1991}) 12... Nd4 {[%emt 0:05:44]} 13. Rb1 {[%emt 0:00:33]} c5 {[%emt 0:03:54]} 14. Ne2 {[%emt 0:04:18]} Nxe2+ {[%emt 0:07:10]} 15. Qxe2 {[%emt 0:00:02]} Bxb2 {[%emt 0:07:37]} 16. Rxb2 {[%emt 0:03:08]} Nf6 {[%emt 0:00:19]} 17. Re1 {[%emt 0:01:14]} Re8 {[%emt 0:00:11]} 18. Qd3 {[%emt 0:01:16]} b5 {[%emt 0:04:48]} 19. axb5 {[%emt 0:00:14]} axb5 {[%emt 0:00:05]} 20. Rbe2 {[%emt 0:02:13]} bxc4 $11 {[%emt 0:02:08]} 21. bxc4 {[%emt 0:01:44]} Nd7 {[%emt 0:03:51]} 22. Qd2 {[%emt 0:07:56]} Rb4 {[%emt 0:05:55]} 23. Qc3 {[%emt 0:18:04]} Ne5 {[%emt 0:07:01]} 24. Re4 {[%emt 0:01:46]} Qa5 {[%emt 0:08:29]} 1/2-1/2

[Event "WYCC 2018 O14"]
[Site "Halkidiki"]
[Date "2018.10.30"]
[Round "11"]
[White "Gavriil, Odysseas-Panagiotis"]
[Black "Turcan, Richard"]
[Result "0-1"]
[WhiteElo "2009"]
[BlackElo "2218"]
[Annotator "NA"]
[PlyCount "64"]
[EventDate "2018.10.20"]
[EventType "swiss"]
[EventCountry "GRE"]
[SourceTitle "playchess.com"]
[Source "ChessBase"]
[SourceQuality "1"]
[TimeControl "40/5400+30:1800+30"]

1. e4 {[%emt 0:00:00]} c5 {[%emt 0:00:00]} 2. Nf3 {[%emt 0:00:56]} d6 {[%emt 0:00:02]} 3. d4 {[%emt 0:00:05]} cxd4 {[%emt 0:00:04]} 4. Nxd4 {[%emt 0:00:11]} Nf6 {[%emt 0:00:05]} 5. Nc3 {[%emt 0:00:12]} g6 {[%emt 0:00:14]} 6. Be3 {[%emt 0:00:38]} Bg7 {[%emt 0:00:11]} 7. f3 {[%emt 0:00:09]} O-O {[%emt 0:00:05]} 8. g4 {[%emt 0:01:25]} Nc6 {[%emt 0:05:42]} 9. Qd2 {[%emt 0:01:16]} Be6 {[%emt 0:00:36]} 10. Nxe6 {[%emt 0:00:31]} fxe6 {[%emt 0:00:07]} 11. O-O-O {[%emt 0:00:47]} Ne5 {[%emt 0:00:32]} 12. Be2 {[%emt 0:00:08]} Qc8 {[%emt 0:00:19] B76: Sicilian Dragon: Yugoslav Attack, 9 g4 and 9 0-0-0} 13. h4 {[%emt 0:02:26] LiveBook: 74 Games} Nfd7 {[%emt 0:00:23]} 14. f4 {[%emt 0:12:43]} (14. h5 Nc4 15. Bxc4 Qxc4 16. hxg6 hxg6 17. f4 Bxc3 18. bxc3 Nf6 19. Bd4 e5 20. fxe5 dxe5 {1-0 (41) Cornette,M (2611)-Jones,G (2640) chess.com INT 2018}) 14... Nc4 {[%emt 0:00:32]} 15. Bxc4 {[%emt 0:00:10]} Qxc4 {[%emt 0:00:04]} 16. e5 {[%emt 0:00:07]} Rad8 {[%emt 0:01:54]} 17. exd6 {[%emt 0:05:55]} Nf6 {[%emt 0:00:29]} 18. Qg2 {[%emt 0:21:05]} Rxd6 {[%emt 0:01:15]} {Predecessor:} 19. Rxd6 $146 {[%emt 0:03:27]} exd6 {[%emt 0:00:07]} 20. Rd1 {[%emt 0:11:52] 0-1 (32) Zhou,Y (2475)-Pert,R (2430) Aberystwyth 2014} d5 {[%emt 0:00:21]} 21. Bd4 {[%emt 0:01:38]} Nd7 {[%emt 0:02:06]} 22. Qe2 $2 {[%emt 0:05:02]} (22. b3 $11 Qc7 23. Ne2) 22... Bxd4 {[%emt 0:09:43]} 23. Qxe6+ {[%emt 0:06:47]} Rf7 {[%emt 0:00:42]} 24. Nxd5 {[%emt 0:00:08]} Kg7 {[%emt 0:28:22]} 25. c3 $2 {[%emt 0:01:19] [#]} (25. h5 $17 Qc6 26. f5 gxf5 27. h6+ Kf8 28. gxf5) 25... Nc5 $1 {[%emt 0:01:15]} 26. Qe8 {[%emt 0:04:24]} Qxd5 {[%emt 0:02:40]} 27. Rxd4 {[%emt 0:00:08]} Qe6 {[%emt 0:01:25]} 28. Qb5 {[%emt 0:00:16]} Qe3+ {[%emt 0:02:57]} 29. Kc2 {[%emt 0:00:48]} Ne6 {[%emt 0:01:02]} 30. Rd7 $19 {[%emt 0:02:31]} Qe4+ {[%emt 0:03:37]} 31. Kd1 {[%emt 0:00:33]} Qxf4 {[%emt 0:02:17]} 32. Qxb7 {[%emt 0:00:37]} Qa4+ {[%emt 0:00:13]} 0-1

[Event "WYCC 2018 O14"]
[Site "Halkidiki"]
[Date "2018.10.30"]
[Round "11"]
[White "Nguyen, Huynh Minh Thien"]
[Black "Trifan, Andrei Ioan"]
[Result "1-0"]
[WhiteElo "1996"]
[BlackElo "2290"]
[Annotator "NA"]
[PlyCount "87"]
[EventDate "2018.10.20"]
[EventType "swiss"]
[EventCountry "GRE"]
[SourceTitle "playchess.com"]
[Source "ChessBase"]
[SourceQuality "1"]
[TimeControl "40/5400+30:1800+30"]

1. Nf3 {[%emt 0:00:00]} Nf6 {[%emt 0:00:00]} 2. g3 {[%emt 0:00:00]} g6 {[%emt 0:00:15]} 3. Bg2 {[%emt 0:00:00]} Bg7 {[%emt 0:00:07]} 4. O-O {[%emt 0:00:03]} O-O {[%emt 0:00:21]} 5. d4 {[%emt 0:00:05]} d6 {[%emt 0:00:55]} 6. Re1 {[%emt 0:00:07]} Nbd7 {[%emt 0:01:23]} 7. e4 {[%emt 0:00:06]} e5 {[%emt 0:00:22]} 8. c3 {[%emt 0:00:07]} b6 {[%emt 0:00:41]} 9. Nbd2 {[%emt 0:00:08] A49: 1 d4 Nf6 2 Nf3 g6 3 g3: Anti-King's Indian systems} Bb7 {[%emt 0:00:37]} 10. Qc2 {[%emt 0:00:37]} Re8 {[%emt 0:00:25]} 11. a4 {[%emt 0:00:08]} a6 {[%emt 0:01:28]} 12. b3 {[%emt 0:04:11]} (12. h3 Rc8 13. dxe5 Nxe5 14. Nxe5 Rxe5 15. Nc4 Re6 16. Bd2 Qe8 {0-1 (38) Kunte,A (2491)-Demchenko,A (2628) Karlsruhe 2017}) 12... exd4 {[%emt 0:08:56]} 13. cxd4 {[%emt 0:01:47]} c5 {[%emt 0:00:42]} 14. Bb2 {[%emt 0:01:23]} cxd4 {[%emt 0:03:43]} 15. Nxd4 {[%emt 0:00:42]} Rc8 {[%emt 0:07:40]} 16. Qb1 {[%emt 0:08:23]} d5 {[%emt 0:04:58]} 17. exd5 {[%emt 0:03:56]} Rxe1+ $146 {[%emt 0:10:30]} ({Predecessor:} 17... Bxd5 18. Rxe8+ Qxe8 19. Bxd5 Nxd5 {½-½ (25) Rajdeep,S (2154)-Ramnath,B (2431) Nagpur 2015}) 18. Qxe1 {[%emt 0:00:20]} Nc5 {[%emt 0:00:53]} 19. Qf1 {[%emt 0:10:44]} Bxd5 {[%emt 0:06:02]} 20. b4 {[%emt 0:05:50]} Bxg2 {[%emt 0:06:15]} 21. Kxg2 {[%emt 0:00:36]} Nce4 {[%emt 0:01:44]} 22. Nxe4 {[%emt 0:02:51]} Nxe4 {[%emt 0:00:34]} 23. Rd1 {[%emt 0:06:13]} Qd5 {[%emt 0:08:01]} 24. Nf3 {[%emt 0:02:55]} Qb7 {[%emt 0:03:56]} 25. Bxg7 {[%emt 0:00:24]} Kxg7 {[%emt 0:00:44]} 26. Qd3 {[%emt 0:02:15]} Nc3 {[%emt 0:07:13]} 27. Qd7 {[%emt 0:13:22]} Rc7 {[%emt 0:02:10]} 28. Qd4+ {[%emt 0:00:07]} f6 {[%emt 0:00:56]} 29. Re1 {[%emt 0:07:17]} Nxa4 {[%emt 0:02:05]} 30. Re8 {[%emt 0:02:12]} Rc3 {[%emt 0:03:26]} 31. Qd1 {[%emt 0:01:48]} b5 {[%emt 0:01:17]} 32. Qe2 {[%emt 0:01:03]} Rc7 {[%emt 0:00:50]} 33. h4 {[%emt 0:03:03]} Qd5 {[%emt 0:03:57]} 34. h5 {[%emt 0:03:37]} Rf7 {[%emt 0:02:12]} 35. h6+ {[%emt 0:03:36]} Kxh6 {[%emt 0:00:11]} 36. Rg8 {[%emt 0:00:01]} g5 {[%emt 0:05:14]} 37. Qe1 {[%emt 0:11:21]} Rg7 {[%emt 0:00:30]} 38. Rf8 {[%emt 0:00:01]} Rf7 {[%emt 0:03:28]} 39. Rg8 {[%emt 0:00:06]} Rg7 {[%emt 0:00:13]} 40. Rf8 {[%emt 0:00:00]} Rg6 {[%emt 0:00:00]} 41. Rh8 {[%emt 0:03:42]} Kg7 {[%emt 0:08:47]} 42. Qe8 {[%emt 0:00:44]} Rh6 {[%emt 0:04:29]} 43. Qf8+ {[%emt 0:02:19]} Kg6 {[%emt 0:00:01]} 44. g4 {[%emt 0:00:20]} 1-0

[Event "WYCC 2018 O14"]
[Site "Halkidiki"]
[Date "2018.10.30"]
[Round "11"]
[White "Chatzieleftheriou, Andreas"]
[Black "Tengis, Tsog-Ochir"]
[Result "0-1"]
[WhiteElo "1984"]
[BlackElo "2205"]
[Annotator "NA"]
[PlyCount "66"]
[EventDate "2018.10.20"]
[EventType "swiss"]
[EventCountry "GRE"]
[SourceTitle "playchess.com"]
[Source "ChessBase"]
[SourceQuality "1"]
[TimeControl "40/5400+30:1800+30"]

1. e4 {[%emt 0:00:00]} e5 {[%emt 0:00:00]} 2. Nf3 {[%emt 0:00:00]} Nc6 {[%emt 0:00:00]} 3. Bc4 {[%emt 0:00:00]} Bc5 {[%emt 0:00:00]} 4. d3 {[%emt 0:00:07]} Nf6 {[%emt 0:00:00]} 5. O-O {[%emt 0:00:12]} O-O {[%emt 0:00:00]} 6. c3 {[%emt 0:00:08]} d6 {[%emt 0:00:05]} 7. Nbd2 {[%emt 0:00:22]} Bg4 {[%emt 0:00:37]} 8. h3 {[%emt 0:01:11]} Bh5 {[%emt 0:00:35] C54: Giuoco Piano: 4 c3 Nf6, main lines with 5 d4 and 5 d3} 9. Re1 {[%emt 0:03:39]} Kh8 {[%emt 0:00:57]} (9... Re8 10. b4 Bb6 11. Qb3 Qd7 12. a4 a5 13. b5 Nd8 14. Nh4 Ne6 15. Nf1 Rad8 {½-½ (57) Bodrozic,T (2415)-Pinter,J (2543) Baden 2016}) 10. Nf1 $146 {[%emt 0:01:53]} ({Predecessor:} 10. a4 a5 11. Nf1 Qd7 12. Ng3 Bg6 13. Nh4 Rae8 14. Bg5 Ng8 15. Be3 Bxe3 16. Rxe3 {0-1 (43) Baeumer,L-Goessling,G Enger 1992}) 10... Bg6 {[%emt 0:00:10]} 11. Bb3 {[%emt 0:10:44]} d5 {[%emt 0:00:54]} (11... h6 $14) 12. exd5 {[%emt 0:01:31]} Nxd5 {[%emt 0:00:11]} 13. Bc2 {[%emt 0:00:23]} (13. Nxe5 $16 Nxe5 14. Rxe5) 13... f6 {[%emt 0:00:38]} 14. Ng3 {[%emt 0:03:23]} Bb6 {[%emt 0:00:37]} 15. Nh4 {[%emt 0:15:53]} f5 {[%emt 0:01:02]} 16. Nxg6+ {[%emt 0:01:12]} hxg6 {[%emt 0:00:02]} 17. d4 {[%emt 0:08:52]} Qh4 {[%emt 0:03:28]} 18. Qf3 $1 {[%emt 0:04:53]} e4 {[%emt 0:00:39]} 19. Nxe4 {[%emt 0:01:45]} fxe4 {[%emt 0:00:44]} 20. Rxe4 {[%emt 0:00:11]} Qf6 {[%emt 0:04:52]} 21. Qg3 {[%emt 0:03:15]} Nxd4 {[%emt 0:05:28]} 22. cxd4 {[%emt 0:00:57]} Rae8 $2 {[%emt 0:02:25]} (22... Kg8 23. Bb3 c6) 23. Bg5 {[%emt 0:04:56]} Qf7 {[%emt 0:00:37]} 24. Rh4+ {[%emt 0:05:32]} Kg8 {[%emt 0:00:00]} 25. Be3 {[%emt 0:00:49]} Re6 {[%emt 0:00:41]} 26. Rg4 {[%emt 0:08:16]} c6 {[%emt 0:00:49]} 27. Rxg6 $2 {[%emt 0:03:13]} ({Schlechter ist} 27. Bxg6 Rxg6 28. Rxg6 Bc7 $15) (27. Bd3 $16 {und es läuft.}) 27... Bc7 {[%emt 0:00:12]} 28. Qg4 $19 {[%emt 0:09:11]} Rxe3 {[%emt 0:00:31]} 29. Rxg7+ {[%emt 0:01:30]} Qxg7 {[%emt 0:00:03]} 30. fxe3 {[%emt 0:01:39]} Qxg4 {[%emt 0:00:08]} 31. hxg4 {[%emt 0:00:02]} Nxe3 {[%emt 0:00:19]} 32. Bb3+ {[%emt 0:01:32]} Kg7 {[%emt 0:00:02]} 33. g3 {[%emt 0:01:02]} Bxg3 {[%emt 0:00:02]} 0-1